000 00279nam a22001217a 4500
082 _a823
_bHAS/S
100 _aHASAKO A
100 _aIVAN G
245 _aSANTA'S FAVOURITE STORY
260 _aNEW YORK
_bSCHOLASTIC INC
_c1982
650 _aENGLISH STORY
_zUNITED STATES
942 _cBK
999 _c7540
_d7540